Cities In Yorkshire - Statistics

General Stats
  • This quiz has been taken 61 times
  • The average score is 6 of 7
Answer Stats
Answer % Correct
York
100%
Leeds
98%
Sheffield
93%
Bradford
87%
Kingston upon Hull
80%
Wakefield
80%
Ripon
59%
No matching quizzes found
Score Distribution
Percent of People with Each Score
Percentile by Number Answered
Your Score History
You have not taken this quiz